Directors Whose Names Start With F - Statistics

General Stats
  • This quiz has been taken 35 times
  • The average score is 10 of 28
Answer Stats
Movie Country Answer % Correct
Fight Club USA David Fincher
91%
La Strada Italy Federico Fellini
81%
The Searchers USA John Ford
78%
Amadeus Czechoslovakia Milos Forman
75%
The Exorcist USA William Friedkin
75%
All That Jazz USA Bob Fosse
66%
The Wizard of Oz USA Victor Fleming
66%
Iron Man USA John Favreau
63%
Dumb and Dumber USA Farrelly brothers
41%
Dangerous Liaisons UK Stephen Frears
38%
Shock Corridor USA Samuel Fuller
34%
Bad Lieutenant USA Abel Ferrara
31%
The Salesman Iran Asghar Farhadi
28%
Eyes Without a Face / Les yeux sans visage France Georges Franju
28%
Lili Marleen Germany Rainer Werner Fassbinder
28%
Soylent Green USA Richard Fleischer
25%
Nanook of the North USA Robert J. Flaherty
25%
Birdman of Alcatraz USA John Frankenheimer
19%
La Grande Bouffe Italy Marco Ferreri
16%
The Hound of the Baskervilles UK Terence Fisher
16%
Waltz with Bashir Israël Ari Folman
13%
Les Vampires France Louis Feuillade
13%
Carnival in Flanders / La Kermesse héroïque France Jacques Feyder
6%
Bird People France Pascale Ferran
6%
Baraka USA Ron Fricke
6%
Gemma Bovery France Anne Fontaine
3%
Maestro France Léa Fazer
3%
If You Don't, I Will / Arrête ou je continue France Sophie Fillières
3%
No matching quizzes found
Score Distribution
Percent of People with Each Score
Percentile by Number Answered
Your Score History
You have not taken this quiz